000 01299nam a22003017a 4500
005 20101206113148.0
008 101206t xxu||||| |||| 00| 0 hin d
010 _aHIN-91365
020 _c180.00
_a8170640830
035 _aHN-63711
037 _bDBAD/PUB
040 _aDPL
_bHN
082 _a420
100 _924598
245 _aएपीसी डाइजेस्ट हिंदी केन्द्रिक (कोर):
_bग्यारहवीं कक्षा के लिए /
246 _aapc digest hindi kendrik (core)
250 _a2रा संस्क
260 _aनई दिल्ली
_bआर्य पब्लिशिंग हाउस
_c2009
270 _bनई दिल्ली
_a1569/30, नाईवाला, करोल बाग
_e110005
_k011- 28752745
_l011- 2875921
300 _aवि.पृ.
_c24सेमी (अजिल्द)
500 _aप्रश्नोत्तर शैली में
500 _aइस पुस्तक मे भाग-1,2,3
650 _91169
700 _924599
700 _924924
942 _2ddc
_cHN
_m420एपीसी
999 _c49409
_d49409